| 000 | 01193nam a22003497a 4500 | ||
|---|---|---|---|
| 003 | CHAP | ||
| 005 | 20220329133639.0 | ||
| 008 | 971013s1993 r 00010 d | ||
| 010 | _a8992 | ||
| 011 | _a9964 | ||
| 035 | _a9201 | ||
| 040 | _cCHAP | ||
| 090 | _aTesis | ||
| 100 | 0 | 0 |
_aRodríguez Monsivais, Jesús Javier. _998712 |
| 245 | _aRecopilación de información de seis especies frutícolas silvestres en el municipio de Marín, N.L. | ||
| 260 |
_aMarín, N.L. : _bEl autor, _c1993 |
||
| 300 |
_a60 h. _b; gráfs. |
||
| 502 | _aTesis (Ing. Agr. Fitotecnista) -- UANL. Fac. de Agronomía | ||
| 590 |
_aALEPH _b10 _c20130110 _lUCH01 _h1224 |
||
| 590 |
_aBATCH-UPD _b10 _c20130110 _lUCH01 _h0050 |
||
| 590 |
_aBATCH-UPD _b10 _c20130110 _lUCH01 _h1753 |
||
| 590 |
_aBATCH-UPD _b10 _c20130409 _lUCH01 _h2038 |
||
| 590 |
_aBATCH-UPD _b10 _c20130410 _lUCH01 _h1131 |
||
| 590 |
_aBATCH-UPD _b10 _c20130914 _lUCH01 _h1356 |
||
| 590 |
_aCONVERSION _b10 _c20130109 _lUCH01 _h1306 |
||
| 650 | 1 | 4 |
_aFenología. _940043 |
| 650 | 1 | 4 |
_aFrutas silvestres comestibles. _943678 |
| 650 | 1 | 4 |
_aFruticultura _xNuevo León. _943741 |
| 901 | _aBK | ||
| 942 | _cTESIS | ||
| 949 |
_bBC _cTES _d-19765 _eTS1 _h30030 _i9201 _si |
||
| 999 |
_c8992 _d8992 |
||